Game for three losers.

Bibliographic Details
Main Author: Lustgarten, Edgar, 1907-1978
Format: Book
Language:English
Published: New York : Scribner, 1952.

MARC

Tag First Indicator Second Indicator Subfields
LEADER 00000cam a2200000 4500
001 in00000021673
005 20151007063705.0
008 750516s1952 nyu 00000 eng u
010 |a  52011397  
035 |a (OCoLC)01338376 
035 |9 AAD8006AM 
040 |c ZLM  |d TXA  |d UtOrBLW 
049 |a TXAM  |c [208500] 
050 0 |a PZ3.L9763  |b Gam2 
090 |a PR6023.U73  |b G3 1952 
092 |a 823  |b L972g 
100 1 |a Lustgarten, Edgar,  |d 1907-1978. 
245 1 0 |a Game for three losers. 
264 1 |a New York :  |b Scribner,  |c 1952. 
300 |a 211 pages ;  |c 22 cm. 
336 |a text  |b txt  |2 rdacontent 
337 |a unmediated  |b n  |2 rdamedia 
338 |a volume  |b nc  |2 rdacarrier 
999 |a MARS 
999 f f |s b9be0181-0d40-3e37-b31a-a764f0d0dfd6  |i eb7d874d-01f1-38fc-ae73-bd33cdd9fc10  |t 0 
952 f f |p normal  |a Texas A&M University  |b College Station  |c Sterling C. Evans Library  |d Evans: Library Stacks  |t 0  |e PR6023.U73 G3 1952  |h Library of Congress classification  |i unmediated -- volume  |m A14801323961 
998 f f |a PR6023.U73 G3 1952  |t 0  |l Evans: Library Stacks